La vida como obra de arte : los alfareros de Chordeleg : miradas de la artesanía y el arte cerámico dedse la contemporaneidad /

Detalles Bibliográficos
Autores principales: Landívar Roca, Roberto (Autor), Landívar, Fabián (Autor)
Formato: Electrónico eBook
Lenguaje:español
Publicado: Cuenca, Ecuador : Universidad del Azuay, Casa Editora, [2024]
Colección:Artem (Universidad del Azuay, Casa Editora)
Materias:
Acceso en línea:Digitalia Hispánica

MARC

LEADER 00000nam a2200000 i 4500
001 DIGUAZUAY0259
003 NyNyDIG
007 cr |||||||||||
008 251202s2024 ec o ob 000 0 spa d
006 m o d
035 |a (OCoLC)1500714121 
040 |a DGITA  |b eng  |e rda  |e pn  |c DGITA 
020 |a 9789942645852  |q eBook 
020 |z 9789942645845 
043 |a s-ec--- 
050 1 4 |a NK4071 ebook 
100 1 |a Landívar Roca, Roberto,  |e author. 
245 1 3 |a La vida como obra de arte :  |b los alfareros de Chordeleg : miradas de la artesanía y el arte cerámico dedse la contemporaneidad /  |c Roberto Landívar y Fabián Landívar. 
264 1 |a Cuenca, Ecuador :  |b Universidad del Azuay, Casa Editora,  |c [2024] 
300 |a 1 online resource :  |b photographs. 
336 |a text  |b txt  |2 rdacontent 
337 |a computer  |b c  |2 rdamedia 
338 |a online resource  |b cr  |2 rdacarrier 
347 |a text file  |2 rdaft 
347 |b PDF 
490 1 |a Artem 
504 |a Includes bibliographical references. 
588 0 |a Online resource; title from PDF title page (Digitalia, viewed December 2, 2025) 
650 0 |a Pottery, Ecuadorian. 
650 0 |a Ceramics  |z Ecuador. 
700 1 |a Landívar, Fabián,  |e author. 
791 2 |a Digitalia (Firm),  |e distributor. 
793 0 |g Digitalia eBook Collection:  |a Universidad del Azuay 
776 0 8 |i Print version:  |a Landívar Roca, Roberto.  |t Vida como obra de arte.  |d Cuenca, Ecuador : Universidad del Azuay, Casa Editora, [2024]  |z 9789942645845 
830 0 |a Artem (Universidad del Azuay, Casa Editora) 
856 4 0 |3 Digitalia Hispánica  |u https://www.digitaliapublishing.com/a/170487/ 
910 |a Premium collection: 2025